| 000 | 02340nam a22003497a 4500 | ||
|---|---|---|---|
| 003 | KnowledgeUnlatched | ||
| 005 | 20210303104728.0 | ||
| 006 | m o d | ||
| 007 | cr u|||||||||| | ||
| 008 | 210129p20202020xx o u00| u ger d | ||
| 037 | _5BiblioBoard | ||
| 245 | 0 | 0 |
_aWest-östliche Wahlverwandtschaften _bHans Bethge und die historischen und ästhetischen Konstellationen um 1900 / _cYixu Lü, Gerhard Lauer. |
| 020 | _a9783826068799 | ||
| 029 | 1 | _ahttps://library.biblioboard.com/ext/api/media/33ce0a03-f9e2-4c67-9cb3-1c709ed5706a/assets/thumbnail.jpg | |
| 040 |
_aScCtBLL _cScCtBLL |
||
| 100 | 1 |
_aLü, Yixu _eauthor. |
|
| 506 | 0 |
_aAccess copy available to the general public. _fUnrestricted _2star |
|
| 700 | 1 |
_aLauer, Gerhard _eauthor. |
|
| 264 | 1 | _bVerlag Königshausen & Neumann, | |
| 300 | _a1 online resource (1 p.) | ||
| 520 | _aMan spricht schon zeitgenössisch von einem regelrechten "Asienfieber", als um 1900 die Faszination für die Kunst Asiens in der Malerei, Musik und Dichtkunst kaum eine Grenze zu kennen schien. Der Erfolg von Hans Bethges Anthologie Die chinesische Flöte (1907) fügt sich in diese widerspruchsvollen Konstellationen von Exotismus und kolonialer Expansion, weltabgewandter Reflexion und literarischem Aufbruch ein. Bethges Sammlung hat mit Gustav Mahlers Lied von der Erde (1911) jene Verdichtung erfahren, die Bethges Gedicht zum Inbegriff einer west-östlichen Wahlverwandtschaft gemacht haben. Der Band versammelt globalhistorische Untersuchungen zu Hans Bethge und der kolonialen Literatur um 1900, zu Mahler und dem Exotismus in der Musik, den literarischen Bewegungen in China und den Globalisierungen der Kultur in den Weltausstellungen. | ||
| 588 | 0 | _aDescription based on print version record. | |
| 590 | _aKU Open Services | ||
| 650 | 7 |
_aSocial Science / Ethnic Studies / Asian Studies _2bisacsh |
|
| 650 | 0 | _aSocial sciences | |
| 655 | 0 | _aElectronic books. | |
| 758 |
_iIs found in: _aKnowledge Unlatched _1https://openresearchlibrary.org/module/2774bc74-146a-484f-a7ba-ab1d6a09bbfb |
||
| 856 | 4 | 0 |
_uhttps://openresearchlibrary.org/content/33ce0a03-f9e2-4c67-9cb3-1c709ed5706a _zView this content on Open Research Library. _70 |
| 999 |
_c32409 _d32409 |
||